[Event "AUTO-INT-2856"]
[Site "http://www.queenalice.com/game.php?id=1282456"]
[Date "2014.5.18"]
[Round "1"]
[White "Briyck"]
[Black "TIKAR"]
[Result "0-1"]
[WhiteElo "1405"]
[BlackElo "1471"]

1. e4 e5 2. Nf3 Nc6 3. Nc3 Nf6 4. d3 d5 5. exd5 Nxd5 6. Nxd5 Qxd5 7. Be2 Nd4 8.
Nxd4 Qxd4 9. Bf3 Bc5 10. Be3 Qb4+ 11. c3 Qb5 12. a4 Qb6 13. a5 Qb5 14. c4 Qb4+
15. Qd2 O-O 16. Bxc5 Qxc5 17. O-O c6 18. b4 Qe7 19. Rfe1 Bf5 20. d4 e4 21. Bxe4
Bxe4 22. f3 Rad8 23. Rxe4 Qf6 24. Rd1 b6 25. Rf4 Qg5 26. Rg4 Qe7 27. Re4 Qc7 28.
axb6 axb6 29. c5 b5 30. Qf4 Qc8 31. Ree1 h6 32. Rd3 Rfe8 33. Rxe8+ Rxe8 34. Qd2
Qe6 35. Kf2 Rd8 0-1

[Event "AUTO-INT-2856"]
[Site "http://www.queenalice.com/game.php?id=1282473"]
[Date "2014.5.18"]
[Round "1"]
[White "Briyck"]
[Black "Leovitor"]
[Result "1-0"]
[WhiteElo "1256"]
[BlackElo "1543"]

1. e4 Nf6 2. e5 Nd5 3. d4 d6 4. c4 Nb6 5. exd6 cxd6 6. Nc3 g6 7. d5 Bg7 8. Qc2
O-O 9. Be3 e6 10. O-O-O exd5 11. cxd5 Nc4 12. Bxc4 1-0

[Event "AUTO-INT-2856"]
[Site "http://www.queenalice.com/game.php?id=1282474"]
[Date "2014.5.18"]
[Round "1"]
[White "Leovitor"]
[Black "Briyck"]
[Result "1/2-1/2"]
[WhiteElo "1551"]
[BlackElo "1485"]

1. e4 e5 2. Nf3 Nc6 3. Bb5 Bc5 4. O-O Qf6 5. d3 h6 6. Bxc6 dxc6 7. Re1 Bg4 8.
Nbd2 Bd6 9. h3 Be6 10. b3 Qg6 11. Kh1 O-O-O 12. Bb2 f6 13. d4 exd4 14. Bxd4 Kb8
15. Nh4 Qf7 16. Qe2 Be5 17. Bxe5 fxe5 18. Rad1 Ne7 1/2-1/2

[Event "AUTO-INT-2856"]
[Site "http://www.queenalice.com/game.php?id=1282475"]
[Date "2014.5.18"]
[Round "1"]
[White "Briyck"]
[Black "Danado"]
[Result "1/2-1/2"]
[WhiteElo "1514"]
[BlackElo "1513"]

1. e4 a6 2. d4 h6 3. c4 e6 4. Nf3 Bb4+ 5. Bd2 Bxd2+ 6. Qxd2 d5 7. e5 Ne7 8. c5
Nec6 9. Nc3 b5 10. cxb6 cxb6 11. Be2 b5 12. a3 Na5 13. Bd1 Nc4 14. Qc2 Nc6 15.
b3 Nb6 16. O-O f6 17. Qg6+ Kf8 18. exf6 gxf6 19. Bc2 Qe7 20. Nh4 Qg7 21. Qxg7+
Kxg7 22. Nf3 b4 23. Ne2 e5 24. a4 a5 25. Rad1 Ba6 26. Rfe1 Bxe2 27. Rxe2 exd4
28. Nxd4 Nxd4 29. Rxd4 Rac8 30. h3 Rhe8 31. Rxe8 1/2-1/2

[Event "AUTO-INT-2856"]
[Site "http://www.queenalice.com/game.php?id=1282476"]
[Date "2014.5.18"]
[Round "1"]
[White "Danado"]
[Black "Briyck"]
[Result "0-1"]
[WhiteElo "1513"]
[BlackElo "1448"]

1. a3 e5 2. h3 d5 3. Nf3 e4 4. Nd4 c5 5. Nb3 Nf6 6. d4 c4 7. Nc5 Bxc5 8. dxc5
Qa5+ 9. b4 cxb3+ 10. Bd2 b2 11. Ra2 Qxc5 12. Rxb2 a5 13. Be3 Qd6 14. Bd4 Nc6 15.
Bxf6 Qxf6 16. Rb3 Nd4 17. Rd3 exd3 18. Qxd3 Bf5 19. Qe3+ Kd7 20. Qd2 Nxc2+ 21.
Kd1 Rhd8 22. e3 Qb2 23. Qc1 Qxc1+ 24. Kxc1 Rac8 25. Kd2 d4 26. Bd3 dxe3+ 27.
fxe3 Ke7 28. e4 Bxe4 29. Nc3 Bxd3 0-1

[Event "Challenge"]
[Site "http://www.queenalice.com/game.php?id=1282491"]
[Date "2014.5.18"]
[Round "-"]
[White "Briyck"]
[Black "Severynnas"]
[Result "1/2-1/2"]
[WhiteElo "1529"]
[BlackElo "1526"]

1. e4 c5 2. Nf3 Nf6 3. e5 Nd5 4. Bc4 Nc7 5. Ng5 e6 6. d4 h6 7. Nf3 b5 8. Bd3 Nd5
9. O-O c4 10. Be4 Bb7 11. Qd2 Qc7 12. Nc3 Nxc3 13. Bxb7 Qxb7 14. Qxc3 f5 15. Ne1
a5 1/2-1/2

[Event "Challenge"]
[Site "http://www.queenalice.com/game.php?id=1282492"]
[Date "2014.5.18"]
[Round "-"]
[White "Severynnas"]
[Black "Briyck"]
[Result "1/2-1/2"]
[WhiteElo "1526"]
[BlackElo "1529"]

1. d4 d5 2. Nf3 e6 3. e3 Nc6 4. Bb5 Bd7 5. O-O Nf6 6. Nc3 Bb4 7. Bd2 O-O 8. a3
Bxc3 9. Bxc3 a6 10. Bxc6 Bxc6 11. b4 Ne4 12. Bb2 f5 13. Ne5 Bb5 14. g3 Bxf1 15.
Kxf1 1/2-1/2

[Event "AUTO-BEG-609"]
[Site "http://www.queenalice.com/game.php?id=1282712"]
[Date "2014.5.19"]
[Round "1"]
[White "Briyck"]
[Black "aogjba"]
[Result "1/2-1/2"]
[WhiteElo "1514"]
[BlackElo "1332"]

1. e4 d6 2. d4 Nf6 3. Nc3 Nbd7 4. Bg5 g6 5. Nf3 Bg7 6. Bd3 O-O 7. O-O c5 8. d5
Qb6 9. Qc1 Ne5 10. Nxe5 dxe5 11. Na4 Qa5 12. Nc3 a6 13. a3 1/2-1/2

[Event "AUTO-BEG-609"]
[Site "http://www.queenalice.com/game.php?id=1282713"]
[Date "2014.5.19"]
[Round "1"]
[White "aogjba"]
[Black "Briyck"]
[Result "1/2-1/2"]
[WhiteElo "1339"]
[BlackElo "1496"]

1. e4 e5 2. Nf3 Nc6 3. Nc3 d6 4. Bb5 Bd7 5. O-O Nf6 6. d4 exd4 7. Nxd4 Nxd4 8.
Bxd7+ Qxd7 9. Qxd4 Be7 10. Bg5 O-O 11. f3 b6 12. Nd5 Nxd5 13. Qxd5 c6 14. Qf5
Qxf5 1/2-1/2

[Event "AUTO-INT-2858"]
[Site "http://www.queenalice.com/game.php?id=1283409"]
[Date "2014.5.22"]
[Round "1"]
[White "saturnin"]
[Black "Briyck"]
[Result "1-0"]
[WhiteElo "1506"]
[BlackElo "1515"]

1. b4 e5 2. a3 d5 3. g3 d4 4. Bb2 Nf6 5. Bg2 c6 6. d3 Be6 7. c3 Bd5 8. Nf3 Be7
9. O-O Bxf3 10. Bxf3 O-O 11. cxd4 exd4 12. Qb3 Ne8 13. Nd2 Nc7 14. Nc4 a6 15.
Nb6 Ra7 16. Qc4 Ne6 17. e3 Qxb6 18. exd4 Qb5 19. Qc3 Bf6 20. a4 Qb6 21. a5 Qxd4
22. Rac1 Qxc3 23. Bxc3 Bxc3 24. Rxc3 Nd4 25. Bd1 Nd7 26. Rc4 Nb5 27. f4 f5 28.
Bb3 Kh8 29. Re1 Raa8 30. Re7 Rad8 31. Kg2 Rfe8 32. Rf7 Nd6 33. Rd4 Nxf7 34. Bxf7
Re2+ 35. Kh3 1-0

[Event "AUTO-INT-2858"]
[Site "http://www.queenalice.com/game.php?id=1283410"]
[Date "2014.5.22"]
[Round "1"]
[White "Briyck"]
[Black "saturnin"]
[Result "0-1"]
[WhiteElo "1493"]
[BlackElo "1522"]

1. e4 e6 2. d4 g6 3. Nf3 Bg7 4. c4 Ne7 5. e5 d6 6. exd6 cxd6 7. Be3 O-O 8. Be2
b6 9. Nc3 Bb7 10. O-O Nf5 11. Bd3 Nxe3 12. fxe3 Na6 13. a3 Nc7 14. Rc1 f5 15.
Be2 a5 16. Qd3 d5 17. cxd5 exd5 18. Rce1 h6 19. Na4 Ba6 20. Qd2 Nb5 21. Nc3 Nc7
22. Bxa6 Nxa6 23. Qc2 g5 24. Ne5 f4 25. exf4 gxf4 26. Ng6 Bxd4+ 27. Kh1 Rf6 28.
Nxf4 Qf8 29. Ncxd5 Rf5 30. Ne7+ Kh7 31. Nxf5 Qc5 32. Nxd4+ Qxc2 33. Nxc2 Nc5 34.
Re7+ Kg8 0-1

[Event "AUTO-INT-2858"]
[Site "http://www.queenalice.com/game.php?id=1283425"]
[Date "2014.5.22"]
[Round "1"]
[White "Briyck"]
[Black "alfonso"]
[Result "1-0"]
[WhiteElo "1482"]
[BlackElo "1496"]

1. e4 e5 2. Nf3 Bc5 3. Nxe5 Qf6 4. Nf3 Qf4 5. d3 Qf6 6. Nc3 c6 7. d4 Bb4 8. Bd2
Bd6 9. e5 Qe6 10. Ng5 Qg6 11. exd6 h6 12. Qe2+ Kd8 13. Nf3 Qxc2 14. Bg5+ hxg5
15. Qxc2 Rh6 16. Nxg5 Rf6 17. Qh7 Rxd6 18. Nxf7+ Kc7 19. Nxd6 Kxd6 20. Qxg8 Kc7
21. Qxg7 b5 22. Qg3+ Kb6 23. Bd3 Ba6 24. O-O Bb7 25. f4 Na6 26. f5 Rf8 27. f6
Nb4 28. a3 Nxd3 29. Qxd3 d5 30. Qh7 Bc8 31. Qe7 Rh8 32. f7 Rh4 33. f8=Q Bb7 34.
Qxh4 c5 35. Qxc5+ Ka5 36. Qxb5# 1-0

[Event "AUTO-INT-2858"]
[Site "http://www.queenalice.com/game.php?id=1283426"]
[Date "2014.5.22"]
[Round "1"]
[White "alfonso"]
[Black "Briyck"]
[Result "1-0"]
[WhiteElo "1498"]
[BlackElo "1473"]

1. e4 e5 2. Qh5 d6 3. Bc4 Qd7 4. Nc3 Nf6 5. Qe2 Be7 6. h3 Nc6 7. Nf3 Nb4 8. d3
a6 9. a3 Nc6 10. Ng5 O-O 11. Be3 Na5 12. Ba2 c5 13. O-O b5 14. Nd1 Qc7 15. h4 h6
16. Nf3 Be6 17. b3 Kh7 18. Nh2 Nd7 19. g3 Bh3 20. Re1 Be6 21. f4 exf4 22. Bxf4
Bf6 23. Rc1 Be5 24. Bxe5 dxe5 25. g4 f6 26. Rf1 Qb6 27. Rf2 Rae8 28. Ne3 Nb7 29.
Qd2 Qa5 30. Qxa5 Nxa5 31. Nf3 Nc6 32. h5 Nd4 33. Nh4 Bf7 34. c3 Nxb3 35. Rb1 Na5
36. Bxf7 Rxf7 37. Nef5 Re6 38. Ra2 Rb6 39. Re1 Nb7 40. Rg2 Nd6 41. Ne3 Nf8 42.
Nd5 Rbb7 43. Ra1 Ne6 44. a4 b4 45. c4 Nd4 46. Rb1 Ne6 47. Rg3 Nc7 48. Ng2 Ne6
49. a5 Nd4 50. Re1 Nc2 51. Rc1 b3 52. Nc3 Na3 53. Nb1 b2 54. Re1 Nc2 55. Rd1 Nd4
56. Kf2 Nb3 57. Ne3 Nxa5 58. Nd5 Nc6 59. Ndc3 Ra7 60. Na4 Nb7 61. Rd2 Nb4 62.
Rxb2 Rd7 63. Rd2 1-0

[Event "AUTO-INT-2858"]
[Site "http://www.queenalice.com/game.php?id=1283427"]
[Date "2014.5.22"]
[Round "1"]
[White "Briyck"]
[Black "Thanasis"]
[Result "0-1"]
[WhiteElo "1455"]
[BlackElo "1384"]

1. e4 e5 2. Nf3 Nc6 3. Nc3 Nf6 4. a3 Bc5 5. d3 O-O 6. Be2 d6 7. Bg5 Nd4 8. Nd5
Nxf3+ 9. Bxf3 c6 10. Nxf6+ gxf6 11. Bh6 Re8 12. O-O Kh8 13. Bg4 Rg8 14. Bxc8
Qxc8 15. Qh5 Qe6 0-1

[Event "AUTO-INT-2858"]
[Site "http://www.queenalice.com/game.php?id=1283428"]
[Date "2014.5.22"]
[Round "1"]
[White "Thanasis"]
[Black "Briyck"]
[Result "1-0"]
[WhiteElo "1403"]
[BlackElo "1436"]

1. d4 d5 2. c4 e6 3. Nc3 Bb4 4. e3 Bxc3+ 5. bxc3 Nf6 6. Ba3 Nc6 7. Nf3 Ne7 8.
cxd5 exd5 9. Bd3 O-O 10. Qc2 Re8 11. O-O c6 12. Ng5 Ng6 13. h4 h6 14. Nxf7 Qa5
15. Bb4 1-0